Panchito lópez : la última batalla /
Guardado en:
| Autor Principal: | |
|---|---|
| Otros Autores: | |
| Formato: | Libro |
| Publicado: |
Buenos Aires :
Edebé,
2014
|
| Series: | Flecos del sol
|
| Materias: | |
| Etiquetas: |
Agregar Etiqueta
Sin Etiquetas, Sea el primero en etiquetar este registro!
|
| LEADER | 00767nam a22002535a 4500 | ||
|---|---|---|---|
| 001 | CEM.cems015181 | ||
| 005 | 20191011154931.0 | ||
| 008 | 130507s2014##################000#0#####d | ||
| 003 | CEMS | ||
| 020 | |a 9789876890885 | ||
| 082 | 0 | 4 | |a A868.4 |
| 100 | 1 | |a Pagano, Mabel | |
| 245 | 1 | 0 | |a Panchito lópez : |b la última batalla / |c Mabel Pagano ; ilustrado Por Juan Noailles |
| 260 | |a Buenos Aires : |b Edebé, |c 2014 | ||
| 300 | |a 128 p. | ||
| 490 | 0 | |a Flecos del sol | |
| 653 | |a Literatura | ||
| 653 | |a Literatura argentina | ||
| 653 | |a Literatura infantil | ||
| 653 | |a Novelas | ||
| 653 | |a Novelas infantiles | ||
| 653 | |a Colección ciencias de la educación | ||
| 700 | 1 | |a Noailles, Juan; il. | |
| 859 | |a CEMS |b BIB. CEMS - Ccias. Educacion |h A868.4 |i P14 |k CE |p 28330.19 |t Ej.1 | ||
